Social disorder in Britain 1750-1850 (Record no. 142389)
[ view plain ]
| 000 -LEADER | |
|---|---|
| fixed length control field | 01192nam a2200301 a 4500 |
| 100 1# - MAIN ENTRY--AUTHOR NAME | |
| Personal name | Thomas, J. E. |
| 245 10 - TITLE STATEMENT | |
| Title | Social disorder in Britain 1750-1850 |
| 260 ## - PUBLICATION, DISTRIBUTION, ETC. (IMPRINT) | |
| Place of publication | London : |
| Name of publisher | I.B. Tauris, |
| Year of publication | 2011. |
| 300 ## - PHYSICAL DESCRIPTION | |
| Number of Pages | 266 p. |
| 856 40 - ELECTRONIC LOCATION AND ACCESS | |
| Uniform Resource Identifier | http://site.ebrary.com/lib/rucke/Doc?id=10522064 |
No items available.
